00743nam a2200181 a 450000100100000000500170001000800410002704000250006808200140009310000300010724500620013726000910019930000270029049000180031783000250033595201840036099900170054400003292020200930065920.0110801s1985 dr a r 000 0 spa d aDO-SdBNPbspacBNPHU axxxbG9391 aGuevara, Nicolás92222410aBreves motivos :bdesde una esquina /cNicolás Guevara. a[Santo Domingo] :bEscuela Taller de Artes Gráficas y Comunicación Popular,c1985. a34 p. :bil. ;c14 cm.1 aEl vencidario 3aEl vencidario958673 0010718PDaPDbPDcCTd2011-08-01iLF1l0oxxx G939p32920-10r2020-06-25w2020-06-25yLFPDzPerteneció a la biblioteca personal de Juan Isidro Jimenes-GrullónZNo se presta c32411d32411